[Event "2BLN 1718 SC Kreuzberg - SV Werder Brem"]
[Site "?"]
[Date "2017.11.12"]
[Round "3.3"]
[White "Meins, Gerlef"]
[Black "Kalinitschew, Sergey"]
[Result "1-0"]
[WhiteElo "2410"]
[BlackElo "2423"]
[PlyCount "83"]
[EventDate "2017.??.??"]

1. d4 e6 2. c4 Bb4+ 3. Bd2 a5 4. Nf3 f5 5. g3 b6 6. Bg2 Bb7 7. O-O Bxd2 8. Qxd2
Nf6 9. Nc3 O-O 10. Rac1 d6 11. d5 e5 12. Ng5 Qe7 13. e4 fxe4 14. Ncxe4 Na6 15.
f4 Nxe4 16. Bxe4 h6 17. Ne6 Rf6 18. Rce1 Nc5 19. Nxc5 bxc5 20. fxe5 Rxf1+ 21.
Kxf1 dxe5 22. Kg1 a4 23. Bc2 a3 24. Qd3 Ra6 25. Qh7+ Kf8 26. Bg6 Rxg6 27. Qxg6
axb2 28. Rb1 Qd6 29. Qxd6+ cxd6 30. Rxb2 Ba6 31. Rc2 Ke7 32. Kf2 Kf6 33. Ke3
Kf5 34. Rf2+ Kg4 35. Kd3 e4+ 36. Kxe4 Bxc4 37. a4 Kh3 38. a5 h5 39. Rf7 g5 40.
Rf6 Kxh2 41. Rxd6 Kxg3 42. a6 1-0

[Event "2BLN 1718 SC Kreuzberg - SV Werder Brem"]
[Site "?"]
[Date "2017.11.12"]
[Round "3.4"]
[White "Figura, Atila Gajo"]
[Black "Joachim, Sven"]
[Result "1/2-1/2"]
[WhiteElo "2376"]
[BlackElo "2395"]
[PlyCount "99"]
[EventDate "2017.??.??"]

1. d4 Nf6 2. c4 g6 3. Nc3 Bg7 4. e4 d6 5. Nf3 O-O 6. Be2 e5 7. Be3 Na6 8. O-O
Qe7 9. Re1 Nxe4 10. Nxe4 exd4 11. Nxd4 Qxe4 12. Bf3 Qe5 13. Re2 Qf6 14. Nb5 Qd8
15. Qd2 Nc5 16. Rd1 a6 17. Nc3 Ne6 18. Qc2 Be5 19. g3 c5 20. Nd5 Rb8 21. b4 Bd4
22. Bxd4 Nxd4 23. Rxd4 cxd4 24. Ne7+ Kg7 25. Qd2 Re8 26. Qxd4+ f6 27. Nd5 Rxe2
28. Bxe2 Be6 29. Nf4 Bf7 30. Bf3 Qe7 31. Bd5 Re8 32. Qb6 g5 33. Bxf7 Kxf7 34.
Nd5 Qe1+ 35. Kg2 Qe4+ 36. Kg1 Qb1+ 37. Kg2 Qe4+ 38. Kg1 Qxc4 39. Qxb7+ Kf8 40.
Ne3 Qe4 41. Qb6 Qd3 42. g4 Kf7 43. h3 Kg6 44. Qa7 h5 45. gxh5+ Kxh5 46. Qf7+
Qg6 47. Qd5 Qb1+ 48. Kh2 Kg6 49. Qxd6 Qxa2 50. Qd3+ 1/2-1/2

[Event "2BLN 1718 SC Kreuzberg - SV Werder Brem"]
[Site "?"]
[Date "2017.11.12"]
[Round "3.5"]
[White "Richter, Christian"]
[Black "Moritz, Aron"]
[Result "1-0"]
[WhiteElo "2352"]
[BlackElo "2203"]
[PlyCount "177"]
[EventDate "2017.??.??"]

1. d4 Nf6 2. Nf3 g6 3. c4 Bg7 4. g3 O-O 5. Bg2 d6 6. Nc3 Nbd7 7. O-O e5 8. e4
c6 9. h3 Qa5 10. Qc2 Re8 11. Be3 exd4 12. Nxd4 Nb6 13. b3 Qh5 14. Nde2 g5 15.
f3 Bxh3 16. Bxh3 Qxh3 17. Bxg5 Nh5 18. Bh4 d5 19. c5 Nd7 20. Rad1 d4 21. Nxd4
Nxg3 22. Bxg3 Qxg3+ 23. Qg2 Qxg2+ 24. Kxg2 Nxc5 25. Nce2 Rad8 26. Nf5 Nd3 27.
Rg1 Kh8 28. f4 Bf8 29. Kf3 Nc5 30. e5 Ne6 31. Neg3 Bc5 32. Rh1 Rxd1 33. Rxd1
Rd8 34. Rh1 Rd3+ 35. Kg4 Rd2 36. Ne4 Rg2+ 37. Kf3 Rxa2 38. Nf6 Nf8 39. Nh6 Kg7
40. f5 Rf2+ 41. Kg3 Rb2 42. Ne8+ Kh8 43. Nxf7+ Kg8 44. Nh6+ Kh8 45. Nf7+ Kg8
46. Nh6+ Kh8 47. Kg4 Rxb3 48. Nf7+ Kg8 49. Nh6+ Kh8 50. e6 Re3 51. Nf7+ Kg8 52.
Nf6+ Kg7 53. Nh5+ Kg8 54. Nh6+ Kh8 55. Nf7+ Kg8 56. Nh6+ Kh8 57. Rd1 a5 58.
Nf7+ Kg8 59. Nf6+ Kg7 60. Nh5+ Kg8 61. Nh6+ Kh8 62. Rd8 a4 63. Nf7+ Kg8 64.
Nf6+ Kg7 65. Ne8+ Kg8 66. Nf6+ Kg7 67. Nh5+ Kg8 68. Nh6+ Kh8 69. Ra8 a3 70.
Nf7+ Kg8 71. Nf6+ Kg7 72. Ne8+ Kg8 73. Nf6+ Kg7 74. Nh5+ Kg8 75. Nh6+ Kh8 76.
Kg5 b5 77. Nf7+ Kg8 78. Nf6+ Kg7 79. Ne8+ Kg8 80. Nf6+ Kg7 81. Nh5+ Kg8 82.
Nh6+ Kh8 83. Kf6 Rh3 84. Nf7+ Kg8 85. Nh6+ Kh8 86. e7 Bxe7+ 87. Kxe7 Rxh5 88.
Kxf8 Rxh6 89. Kf7# 1-0

[Event "2BLN 1718 SC Kreuzberg - SV Werder Brem"]
[Site "?"]
[Date "2017.11.12"]
[Round "3.6"]
[White "Lehmann, Klaus"]
[Black "Grigorian, Spartak"]
[Result "1/2-1/2"]
[WhiteElo "2321"]
[BlackElo "2352"]
[PlyCount "128"]
[EventDate "2017.??.??"]

1. e4 c5 2. c3 Nf6 3. e5 Nd5 4. Nf3 e6 5. d4 cxd4 6. cxd4 d6 7. Bd2 Bd7 8. Bc4
Bc6 9. O-O Nd7 10. Re1 dxe5 11. Nxe5 Nxe5 12. dxe5 Bc5 13. Nc3 Bxf2+ 14. Kxf2
Nxc3 15. Bxc3 Qh4+ 16. Kg1 Qxc4 17. Qd4 Qxd4+ 18. Bxd4 O-O-O 19. Red1 b6 20.
Bc3 Bd5 21. Rd4 Rhg8 22. Rd2 h5 23. Rf1 Rd7 24. a3 Rgd8 25. Rf4 Bc6 26. Rfd4
Rxd4 27. Rxd4 Bd5 28. Rf4 Rd7 29. h4 a5 30. Kf2 Kb7 31. g3 Kc6 32. Ke3 Kc7 33.
Rd4 f6 34. Rf4 f5 35. Rd4 Rd8 36. Kf4 Rh8 37. Kg5 Rh6 38. b4 axb4 39. Rxb4 Bc6
40. Rc4 Kb7 41. Rd4 Kc7 42. Bd2 Be8 43. Kf4 Rg6 44. Kf3 Bc6+ 45. Kf2 Rg4 46.
Bf4 g5 47. hxg5 h4 48. gxh4 Rxh4 49. Rb4 Rg4 50. Ke3 Kb7 51. Rb2 Rh4 52. Rb1
Rh3+ 53. Kd2 Rh4 54. Be3 b5 55. Rg1 Rg4 56. Rxg4 fxg4 57. g6 Be4 58. g7 Bh7 59.
Bh6 Kc6 60. Ke3 Kd7 61. Kf4 Ke8 62. Kxg4 Kf7 63. Kh5 Bg8 64. Kg5 Bh7 1/2-1/2

[Event "2BLN 1718 SC Kreuzberg - SV Werder Brem"]
[Site "?"]
[Date "2017.11.12"]
[Round "3.7"]
[White "Charmeteau, Sven"]
[Black "Paulsen, Dirk"]
[Result "0-1"]
[WhiteElo "2323"]
[BlackElo "2317"]
[PlyCount "112"]
[EventDate "2017.??.??"]

1. e4 d6 2. d4 Nf6 3. Nc3 c6 4. f4 d5 5. e5 Ng8 6. h3 h5 7. g3 Bf5 8. a3 e6 9.
Be3 Qb6 10. Rh2 c5 11. Na4 Qa5+ 12. c3 c4 13. b4 Qc7 14. Nb2 a5 15. Qa4+ Nd7
16. Nd1 Ne7 17. Rha2 Nc6 18. Nf2 b5 19. Qd1 Nb6 20. Bg2 Na4 21. Ne2 Be7 22. Bd2
Qa7 23. Kf1 Nb6 24. Nc1 f6 25. exf6 gxf6 26. Bf3 Bg6 27. Qe2 Kf7 28. f5 exf5
29. a4 bxa4 30. Rxa4 Qd7 31. b5 Nxd4 32. cxd4 Nxa4 33. Rxa4 Qxb5 34. Ra1 Bd6
35. Bf4 Rhe8 36. Qc2 Bxf4 37. gxf4 Re3 38. Rb1 Qd7 39. Bg2 Rae8 40. Na2 Qe6 41.
Qc1 Qd6 42. Nc3 Qxf4 43. Nxd5 Re1+ 44. Qxe1 Rxe1+ 45. Rxe1 Qxd4 46. Nd1 f4 47.
Bf3 Kg7 48. Kg2 a4 49. N1c3 a3 50. Rd1 Bd3 51. Ra1 Qe5 52. h4 Kh6 53. Kf2 Qb8
54. Ke1 Qa7 55. Kd2 Qf2+ 56. Ne2 Bxe2 0-1

[Event "2BLN 1718 SC Kreuzberg - SV Werder Brem"]
[Site "?"]
[Date "2017.11.12"]
[Round "3.8"]
[White "Glienke, Manfred"]
[Black "Mueller, Oliver"]
[Result "0-1"]
[WhiteElo "2266"]
[BlackElo "2247"]
[PlyCount "128"]
[EventDate "2017.??.??"]

1. d4 Nf6 2. Nf3 e6 3. e3 b6 4. Bd3 Bb7 5. Nbd2 d5 6. Ne5 Bd6 7. O-O O-O 8. Qe2
Nbd7 9. f4 Ne4 10. Nxe4 dxe4 11. Bb5 Nb8 12. Bc4 Qe7 13. Bd2 f6 14. Ng4 Kh8 15.
a3 a6 16. Rad1 Nd7 17. Bc3 b5 18. Bb3 Nb6 19. Ba5 Bd5 20. Bxb6 cxb6 21. Rc1
Rfc8 22. Nf2 Rc7 23. Bxd5 exd5 24. Qh5 Qf7 25. Qh3 Rac8 26. c3 a5 27. Ra1 Qd7
28. Qh5 Bf8 29. Nd1 g6 30. Qe2 Qc6 31. f5 Rg7 32. Qf2 Bd6 33. Kh1 Rcg8 34. Qh4
Be7 35. Rc1 Qc4 36. Qf2 gxf5 37. Rg1 Rg5 38. Rc2 Qc7 39. g3 Bd6 40. Qe1 Qg7 41.
Rgg2 Qg6 42. Kg1 f4 43. exf4 Bxf4 44. Qf1 Bd6 45. Rcf2 f5 46. Ne3 f4 47. gxf4
Rxg2+ 48. Rxg2 Qf7 49. Rxg8+ Qxg8+ 50. Ng2 b4 51. axb4 axb4 52. Qf2 Qg4 53. Qe3
b3 54. Kf2 Ba3 55. Qc1 Qf3+ 56. Kg1 Bxb2 57. Qxb2 Qd1+ 58. Ne1 Qxe1+ 59. Kg2
Qd1 60. Qa3 Qf3+ 61. Kg1 Qg4+ 62. Kf2 Qxf4+ 63. Kg1 e3 64. Qa8+ Kg7 0-1

[Event "2BLN 1718 SK Zehlendorf - Hamburger SK "]
[Site "?"]
[Date "2017.11.12"]
[Round "3.1"]
[White "Colpe, Malte"]
[Black "Malek, Daniel"]
[Result "0-1"]
[WhiteElo "2411"]
[BlackElo "2405"]
[PlyCount "64"]
[EventDate "2017.??.??"]

1. d4 Nf6 2. c4 e6 3. Nf3 d5 4. Nc3 Bb4 5. Qb3 c5 6. cxd5 exd5 7. Bg5 h6 8.
Bxf6 Qxf6 9. a3 Bxc3+ 10. Qxc3 Nd7 11. Rc1 c4 12. a4 O-O 13. b3 cxb3 14. Qxb3
Qb6 15. Qxd5 Qb4+ 16. Nd2 Nb6 17. Qc5 Qxa4 18. Qc3 Be6 19. Ra1 Rfc8 20. Qb2 Rc2
21. Rxa4 Rxb2 22. Ra1 Nc4 23. Nf3 Rc8 24. e4 Na3 25. Bd3 Rc3 26. d5 Rxd3 27.
dxe6 Nc2+ 28. Ke2 Nb4+ 29. Kf1 fxe6 30. h4 Nc2 31. Rc1 Nd4 32. Ne5 Rdd2 {
Zeitüberschreitung} 0-1

[Event "2BLN 1718 SK Zehlendorf - Hamburger SK "]
[Site "?"]
[Date "2017.11.12"]
[Round "3.2"]
[White "Lagunow, Raphael"]
[Black "Bracker, Frank"]
[Result "1-0"]
[WhiteElo "2353"]
[BlackElo "2392"]
[PlyCount "99"]
[EventDate "2017.??.??"]

1. e4 e5 2. Nf3 Nc6 3. Bc4 Bc5 4. c3 Nf6 5. d3 a6 6. O-O Ba7 7. a4 O-O 8. Re1
d6 9. Nbd2 Ng4 10. Re2 h6 11. Nf1 Ne7 12. h3 Nf6 13. Ng3 Ng6 14. Bb3 Re8 15. d4
Bd7 16. Be3 Bc6 17. d5 Bd7 18. Bxa7 Rxa7 19. a5 Nf4 20. Rd2 g6 21. Ba4 b5 22.
Bc2 Ra8 23. Ne2 N6h5 24. Kh2 Qf6 25. Nxf4 Nxf4 26. Ng1 Rab8 27. g3 Nh5 28. Qf3
Qe7 29. Bd3 Kg7 30. Re1 Nf6 31. Qe3 Rb7 32. Rc1 c5 33. Rf1 Bc8 34. b4 Rc7 35.
Re2 g5 36. Kg2 Bd7 37. Nf3 Nh5 38. Nd2 cxb4 39. cxb4 Rc3 40. Nb1 Rb3 41. Qd2
Rc8 42. Ree1 Nf6 43. Rc1 Qd8 44. Rc2 Rc7 45. Rfc1 Rxc2 46. Bxc2 Rb2 47. Qc3 Ra2
48. Qb3 Qc8 49. Qxa2 Bxh3+ 50. Kg1 1-0

[Event "2BLN 1718 SK Zehlendorf - Hamburger SK "]
[Site "?"]
[Date "2017.11.12"]
[Round "3.3"]
[White "Kramer, Julian"]
[Black "Stachowiak, Kamil"]
[Result "1/2-1/2"]
[WhiteElo "2344"]
[BlackElo "2432"]
[PlyCount "71"]
[EventDate "2017.??.??"]

1. e4 c5 2. Nf3 d6 3. d4 cxd4 4. Nxd4 Nf6 5. Nc3 g6 6. Be3 Bg7 7. f3 a6 8. Qd2
Nbd7 9. g4 Ne5 10. g5 Nfd7 11. Be2 Nb6 12. b3 d5 13. f4 Ng4 14. Bxg4 Bxg4 15.
h3 Bh5 16. e5 e6 17. Nce2 h6 18. gxh6 Bxh6 19. O-O-O Nd7 20. Rde1 Bxe2 21. Nxe2
Bf8 22. Kb1 a5 23. h4 Rxh4 24. Bf2 Rxh1 25. Rxh1 Qc7 26. Nd4 Nc5 27. Nb5 Qc6
28. Bxc5 Qxc5 29. a4 b6 30. Rh7 Rc8 31. Rh8 Qg1+ 32. Kb2 Kd7 33. Rh7 Ke8 34.
Rh8 Kd7 35. Rh7 Ke8 36. Rh8 1/2-1/2

[Event "2BLN 1718 SK Zehlendorf - Hamburger SK "]
[Site "?"]
[Date "2017.11.12"]
[Round "3.4"]
[White "Lagunow, Alexander"]
[Black "Meissner, Felix"]
[Result "0-1"]
[WhiteElo "2418"]
[BlackElo "2339"]
[PlyCount "96"]
[EventDate "2017.??.??"]

1. e4 c5 2. Nf3 d6 3. d4 cxd4 4. Nxd4 Nf6 5. Nc3 Nbd7 6. Be3 a6 7. f3 h5 8. Qd2
e6 9. h3 b5 10. Rg1 h4 11. Bg5 Qb6 12. O-O-O Be7 13. Qe1 b4 14. Nb1 e5 15. Nf5
Qxg1 16. Be3 Qh2 17. Qd2 d5 18. Nxe7 Kxe7 19. Qxb4+ Ke8 20. exd5 Rb8 21. Qd6
Qg3 22. Nd2 Bb7 23. c4 Rc8 24. Kb1 Qg6+ 25. Ka1 Rh6 26. Bxh6 Qxh6 27. Nb3 Qe3
28. Qb4 Qb6 29. Qe1 Kf8 30. Qxh4 Kg8 31. Qe1 Nc5 32. Nxc5 Qxc5 33. a3 Re8 34.
Bd3 a5 35. g4 Ba6 36. g5 Nh5 37. g6 Nf4 38. gxf7+ Kxf7 39. Bf1 Bc8 40. h4 Bf5
41. Qc3 Kf6 42. Qe1 Rb8 43. Qg3 g6 44. Qg5+ Kf7 45. d6 Rb7 46. h5 Qf2 47. hxg6+
Ke6 48. b4 Qxf3 0-1

[Event "2BLN 1718 SK Zehlendorf - Hamburger SK "]
[Site "?"]
[Date "2017.11.12"]
[Round "3.5"]
[White "Uksini, Bardhyl"]
[Black "Brodowski, Piotr"]
[Result "1-0"]
[WhiteElo "2363"]
[BlackElo "2434"]
[PlyCount "91"]
[EventDate "2017.??.??"]

1. d4 c5 2. d5 d6 3. c4 e5 4. e4 Be7 5. Nc3 Nf6 6. Bd3 Nbd7 7. Be3 a6 8. Nge2
O-O 9. h3 Rb8 10. a4 Ne8 11. Qd2 Ndf6 12. g4 Kh8 13. Ng3 g6 14. g5 Ng8 15. h4
f6 16. h5 fxg5 17. hxg6 h6 18. Nf5 Bxf5 19. exf5 Ng7 20. f6 Rxf6 21. Bxg5 Rxf2
22. Bxh6 Rxd2 23. Bg5+ Nh6 24. Rxh6+ Kg8 25. Bxd2 Bg5 26. Rh7 Bxd2+ 27. Kxd2
Qg5+ 28. Kc2 Qg2+ 29. Kb3 b5 30. axb5 axb5 31. cxb5 c4+ 32. Bxc4 Nf5 33. Ra6
Qxg6 34. Rc7 Nd4+ 35. Ka2 Nc2 36. Ra4 Qg1 37. Nb1 e4 38. Rc6 Qg6 39. Be2 Qf6
40. Rxc2 Qe5 41. Nc3 e3 42. Re4 Ra8+ 43. Kb3 Qh2 44. Rxe3 Qg1 45. Re4 Qc5 46.
Bc4 1-0

[Event "2BLN 1718 SK Zehlendorf - Hamburger SK "]
[Site "?"]
[Date "2017.11.12"]
[Round "3.6"]
[White "Luch, Michal"]
[Black "Sehner, Norbert"]
[Result "1-0"]
[WhiteElo "2386"]
[BlackElo "2336"]
[PlyCount "51"]
[EventDate "2017.??.??"]

1. d4 d5 2. c4 e6 3. Nc3 c6 4. e4 dxe4 5. Nxe4 Nd7 6. Nf3 Ngf6 7. Bd3 Be7 8.
O-O c5 9. Nxc5 Nxc5 10. dxc5 Bxc5 11. b3 Bd7 12. Bb2 Qe7 13. a3 a5 14. Ne5 Rd8
15. Bc3 b6 16. Qc1 Nh5 17. b4 axb4 18. axb4 Bd6 19. Qe3 O-O 20. Qxb6 Nf4 21.
Qe3 Qg5 22. Be4 f6 23. Nxd7 Rxd7 24. g3 Qh6 25. Bg2 Bb8 26. gxf4 1-0

[Event "2BLN 1718 SK Zehlendorf - Hamburger SK "]
[Site "?"]
[Date "2017.11.12"]
[Round "3.7"]
[White "Groetzbach, Julian"]
[Black "Heinig, Wolfram"]
[Result "1/2-1/2"]
[WhiteElo "2279"]
[BlackElo "2311"]
[PlyCount "57"]
[EventDate "2017.??.??"]

1. e4 c6 2. d4 d5 3. Nc3 dxe4 4. Nxe4 Bf5 5. Ng3 Bg6 6. Nh3 Nf6 7. Bc4 e6 8.
Nf4 Bd6 9. O-O Qc7 10. Qf3 Nd5 11. Nxg6 hxg6 12. Bb3 Nd7 13. c4 N5f6 14. c5 Be7
15. Bf4 Qd8 16. Rfe1 O-O 17. Bc4 Nd5 18. Bd2 Bf6 19. Bxd5 exd5 20. Bc3 Qc7 21.
b4 Rfe8 22. Re3 Bg5 23. Rxe8+ Rxe8 24. Re1 Rxe1+ 25. Bxe1 Nf8 26. Ne2 Ne6 27.
g3 Qe7 28. Bc3 Qf6 29. Qxf6 1/2-1/2

[Event "2BLN 1718 SK Zehlendorf - Hamburger SK "]
[Site "?"]
[Date "2017.11.12"]
[Round "3.8"]
[White "Rahls, Peter"]
[Black "Doberitz, Paul"]
[Result "1-0"]
[WhiteElo "2156"]
[BlackElo "2205"]
[PlyCount "64"]
[EventDate "2017.??.??"]

1. e4 c5 2. c3 d5 3. exd5 Qxd5 4. d4 g6 5. Nf3 Bg7 6. dxc5 Qxc5 7. Be3 Qc7 8.
Qb3 Be6 9. Qa4+ Nc6 10. Na3 Nf6 11. Nb5 Qc8 12. Nxa7 Nd5 13. Qxc6+ Qxc6 14.
Nxc6 bxc6 15. Bd4 f6 16. Bc4 Kd7 17. O-O Rhb8 18. b4 Bf5 19. Bxd5 cxd5 20. a4
e5 21. Bc5 Bh6 22. Be3 Bf8 23. Rfc1 Bd3 24. Nd2 f5 25. Nb3 f4 26. Nc5+ Bxc5 27.
Bxc5 Rc8 28. f3 Ke6 29. Re1 Kf5 30. Rad1 Bc4 31. a5 Rd8 32. g4+ Kf6 {
Zeitüberschreitung} 1-0

[Event "2BLN 1718 Turm Kiel - SK Union Oldenbur"]
[Site "?"]
[Date "2017.11.12"]
[Round "3.1"]
[White "Breutigam, Martin"]
[Black "Dziuba, Marcin"]
[Result "0-1"]
[WhiteElo "2383"]
[BlackElo "2573"]
[PlyCount "72"]
[EventDate "2017.??.??"]

1. d4 d5 2. Nf3 Nf6 3. Bg5 c5 4. e3 Nc6 5. Nbd2 e6 6. c3 h6 7. Bh4 g5 8. Bg3
Nh5 9. Be5 f6 10. Bd3 fxe5 11. Bg6+ Kd7 12. Bxh5 e4 13. Ng1 Kc7 14. Ne2 Bd7 15.
O-O Rc8 16. f3 exf3 17. Nxf3 Bd6 18. Nc1 c4 19. b3 Kb8 20. bxc4 dxc4 21. Rb1
Qa5 22. Nd2 Qxc3 23. Rf3 Nxd4 24. exd4 Qxd4+ 25. Kh1 Bc6 26. Ne2 Qh4 27. Ng3
Rhd8 28. Qe2 g4 29. Rc3 Bxg3 30. Rxg3 Qxh5 31. Nxc4 Qf5 32. Qe5+ Qxe5 33. Nxe5
h5 34. h3 Be4 35. Rb4 Rc1+ 36. Kh2 Rdd1 0-1

[Event "2BLN 1718 Turm Kiel - SK Union Oldenbur"]
[Site "?"]
[Date "2017.11.12"]
[Round "3.2"]
[White "Rasmussen, Allan Stig"]
[Black "Bredemeier, Dirk"]
[Result "1-0"]
[WhiteElo "2542"]
[BlackElo "2304"]
[PlyCount "71"]
[EventDate "2017.??.??"]

1. d4 Nf6 2. c4 c5 3. d5 b5 4. cxb5 a6 5. e3 Bb7 6. Nc3 Qa5 7. Bd2 axb5 8. Bxb5
Qb6 9. Nf3 Nxd5 10. a4 Nf6 11. O-O e6 12. Ne5 Be7 13. e4 O-O 14. Nc4 Qc7 15. e5
Nd5 16. Qg4 f6 17. Bh6 Rf7 18. exf6 Nxf6 19. Bf4 Qd8 20. Qh3 Nd5 21. Bd6 Rf6
22. Nxd5 exd5 23. Bxe7 Qxe7 24. Rae1 Re6 25. Ne3 d4 26. Nf5 Qf6 27. Bc4 d5 28.
Bb5 Re5 29. Nh6+ gxh6 30. Qg3+ Rg5 31. Re8+ Kg7 32. Qc7+ Kg6 33. Rg8+ Kh5 34.
Be2+ Kh4 35. Qg3+ Rxg3 36. fxg3# 1-0

[Event "2BLN 1718 Turm Kiel - SK Union Oldenbur"]
[Site "?"]
[Date "2017.11.12"]
[Round "3.3"]
[White "Mueer, Sebastian"]
[Black "Hector, Jonny"]
[Result "0-1"]
[WhiteElo "2253"]
[BlackElo "2479"]
[PlyCount "74"]
[EventDate "2017.??.??"]

1. Nf3 d5 2. c4 d4 3. b4 g5 4. Qa4+ c6 5. Qb3 Bg7 6. Nxg5 e5 7. Qg3 Ne7 8. Ne6
Bxe6 9. Qxg7 Rg8 10. Qxe5 Qb6 11. e3 dxe3 12. fxe3 Qxb4 13. Ba3 Qb6 14. Nc3 Nd7
15. Qh5 c5 16. Rb1 Qc6 17. d4 Bg4 18. Qh4 Qe6 19. Kd2 O-O-O 20. Bd3 Bf5 21. Be4
b6 22. d5 Ne5 23. Kc1 Qd7 24. Bxc5 N7g6 25. Qf6 Bxe4 26. Nxe4 Nd3+ 27. Kd2 Nge5
28. Nd6+ Kc7 29. Bxb6+ axb6 30. Rxb6 Qxd6 31. Rxd6 Rxd6 32. Qe7+ Rd7 33. Qh4
Rxg2+ 34. Kc3 Rxa2 35. Qxh7 Ra3+ 36. Kd4 Nf3+ 37. Ke4 Ng5+ 0-1

[Event "2BLN 1718 Turm Kiel - SK Union Oldenbur"]
[Site "?"]
[Date "2017.11.12"]
[Round "3.4"]
[White "Pakleza, Zbigniew"]
[Black "Meessen, Max"]
[Result "1/2-1/2"]
[WhiteElo "2496"]
[BlackElo "2204"]
[PlyCount "67"]
[EventDate "2017.??.??"]

1. d4 d5 2. Bf4 Nf6 3. e3 c5 4. c3 Nc6 5. Nd2 e6 6. Bd3 Bd6 7. Bxd6 Qxd6 8. f4
cxd4 9. cxd4 Bd7 10. a3 O-O 11. Ngf3 Ne7 12. Ne5 Rfc8 13. g4 Be8 14. O-O Nd7
15. g5 Nf5 16. Qf3 Nxe5 17. fxe5 Qd8 18. h4 g6 19. Qf2 Qb6 20. Bxf5 gxf5 21.
Nf3 Rc4 22. Rfd1 Rac8 23. Ne1 Bb5 24. Kh2 Qc7 25. Kg3 Ba4 26. Rd2 Bc2 27. Ng2
Be4 28. Nf4 Rc1 29. Rxc1 Qxc1 30. Re2 Qb1 31. Re1 Rc1 32. Rxc1 Qxc1 33. Nh5 Qh1
34. Nf6+ {(=)} 1/2-1/2

[Event "2BLN 1718 Turm Kiel - SK Union Oldenbur"]
[Site "?"]
[Date "2017.11.12"]
[Round "3.5"]
[White "Wittje, Berthold"]
[Black "Bromann, Thorbjorn"]
[Result "1/2-1/2"]
[WhiteElo "2211"]
[BlackElo "2384"]
[PlyCount "73"]
[EventDate "2017.??.??"]

1. Nf3 g6 2. g3 Bg7 3. Bg2 e5 4. c4 Nc6 5. Nc3 d6 6. Rb1 Be6 7. d3 h6 8. b4 Qd7
9. b5 Nd8 10. O-O f5 11. Nd5 c6 12. bxc6 bxc6 13. Nb4 Ne7 14. Na6 O-O 15. Qa4
Nf7 16. Ba3 Rfc8 17. Nd2 f4 18. Rb3 Nf5 19. Nf3 g5 20. Rfb1 Nd8 21. Bb2 g4 22.
Nd2 h5 23. Ne4 Qe7 24. Bc3 h4 25. Qa3 fxg3 26. hxg3 hxg3 27. Nxg3 Nxg3 28. fxg3
Qg5 29. Qxd6 Qe3+ 30. Kh2 Qh6+ 31. Kg1 Qe3+ 32. Kf1 Qxg3 33. Nc7 Qf4+ 34. Ke1
Qg3+ 35. Kf1 Qf4+ 36. Ke1 Qg3+ 37. Kf1 1/2-1/2

[Event "2BLN 1718 Turm Kiel - SK Union Oldenbur"]
[Site "?"]
[Date "2017.11.12"]
[Round "3.6"]
[White "Hoi, Carsten"]
[Black "Schuette, Marc"]
[Result "1-0"]
[WhiteElo "2349"]
[BlackElo "2141"]
[PlyCount "127"]
[EventDate "2017.??.??"]

1. d4 d5 2. c4 c6 3. cxd5 cxd5 4. Bg5 h6 5. Bh4 Qb6 6. Nc3 e6 7. Rb1 Nc6 8. e3
Bd7 9. a3 Rc8 10. Nf3 Nf6 11. Bd3 Be7 12. O-O O-O 13. Ne5 Rfd8 14. f4 Kf8 15.
Qf3 Ng8 16. Bg3 f5 17. Bf2 Nf6 18. Bh4 Be8 19. h3 Ne4 20. Bxe7+ Kxe7 21. Bxe4
dxe4 22. Qf2 Nxe5 23. fxe5 Bb5 24. Qh4+ Ke8 25. Rf2 Bd3 26. Re1 Rd7 27. g4 fxg4
28. hxg4 Re7 29. g5 Kd7 30. gxh6 gxh6 31. Kh2 Rg8 32. Rg1 Qd8 33. Rxg8 Qxg8 34.
Rg2 Qh7 35. Qg3 Qf5 36. Rf2 Qg5 37. Qxg5 hxg5 38. Rf6 Rh7+ 39. Kg3 Rh1 40. d5
exd5 41. Nxd5 Rg1+ 42. Kh2 Rf1 43. e6+ Kd6 44. e7+ Rxf6 45. e8=Q Kxd5 46. Qd7+
Ke5 47. Qe7+ Kf5 48. Qh7+ Ke5 49. Qxb7 a6 50. Qe7+ Kf5 51. b4 Rh6+ 52. Kg3 Rh1
53. Qc5+ Ke6 54. Kg2 Ra1 55. a4 Rb1 56. Qd4 Rc1 57. Qg7 Rb1 58. Qg6+ Kd7 59.
Qxg5 Kc7 60. Qc5+ Kb7 61. b5 Rb2+ 62. Kg3 Rc2 63. Qd5+ Kb8 64. Qd6+ 1-0

[Event "2BLN 1718 Turm Kiel - SK Union Oldenbur"]
[Site "?"]
[Date "2017.11.12"]
[Round "3.7"]
[White "Wagner, Jan"]
[Black "Berg, Klaus"]
[Result "1/2-1/2"]
[WhiteElo "2146"]
[BlackElo "2337"]
[PlyCount "71"]
[EventDate "2017.??.??"]

1. Nf3 d5 2. c4 dxc4 3. Na3 a6 4. Nxc4 b5 5. Ne3 Bb7 6. g3 e6 7. Bg2 Nf6 8. O-O
c5 9. a4 Nbd7 10. b3 Be7 11. Bb2 O-O 12. d3 Qb6 13. Qd2 Rfd8 14. Bc3 Rdc8 15.
Ba5 Qd6 16. b4 c4 17. dxc4 bxc4 18. Qxd6 Bxd6 19. Rfd1 Bd5 20. Nxd5 exd5 21. e4
Rab8 22. exd5 Bxb4 23. Bxb4 Rxb4 24. Nd4 Ne5 25. Nc6 Nxc6 26. dxc6 Kf8 27. Rab1
Rxa4 28. Rd4 h5 29. Rc1 Rc7 30. Rdxc4 Rxc4 31. Rxc4 Ke7 32. Ra4 Ra7 33. Ra5 Kd6
34. Bf1 Kxc6 35. Rxa6+ Rxa6 36. Bxa6 1/2-1/2

[Event "2BLN 1718 Turm Kiel - SK Union Oldenbur"]
[Site "?"]
[Date "2017.11.12"]
[Round "3.8"]
[White "Junge, Ralph"]
[Black "Anirudh, Unni"]
[Result "1/2-1/2"]
[WhiteElo "2269"]
[BlackElo "2033"]
[PlyCount "40"]
[EventDate "2017.??.??"]

1. d4 d5 2. c4 c6 3. cxd5 cxd5 4. Bg5 Nc6 5. Nc3 Qb6 6. e3 e6 7. a3 Bd7 8. Bd3
Rc8 9. Nge2 Bd6 10. O-O Nge7 11. Bf4 Bxf4 12. Nxf4 Ng6 13. Na4 Qd8 14. Nh5 O-O
15. Nc5 b6 16. Nxd7 Qxd7 17. Qa4 Nb8 18. Qxd7 Nxd7 19. Rfc1 Nb8 20. Kf1 Ne7 {
(=)} 1/2-1/2

[Event "2BLN 1718 SV Glückauf Rüdersdorf - FC"]
[Site "?"]
[Date "2017.11.12"]
[Round "3.1"]
[White "Feuerstack, Aljoscha"]
[Black "Moranda, Wojciech"]
[Result "0-1"]
[WhiteElo "2449"]
[BlackElo "2589"]
[PlyCount "152"]
[EventDate "2017.??.??"]

1. e4 c5 2. c3 d5 3. exd5 Qxd5 4. d4 Nf6 5. Nf3 e6 6. Be3 cxd4 7. cxd4 Bb4+ 8.
Nc3 Qa5 9. Qb3 Nc6 10. Be2 b6 11. O-O Bxc3 12. Bb5 Bd7 13. bxc3 a6 14. Be2 O-O
15. a4 Rfc8 16. c4 Rab8 17. Rfd1 Qf5 18. Qa3 h6 19. Rab1 Be8 20. Bd3 Qh5 21.
Bf4 Ra8 22. Be2 Na5 23. Qa2 Ne4 24. Rdc1 Qf5 25. Be3 b5 26. c5 bxa4 27. Ne5 Nb3
28. Bd3 Bb5 29. Bc2 Nxc1 30. Rxc1 Nc3 31. Qb2 Ne2+ 32. Kh1 Qh5 33. Re1 Rab8 34.
Bd1 a3 35. Qxa3 Qf5 36. h3 Nf4 37. Bg4 Qf6 38. Bf3 Nd5 39. Bd2 Qf5 40. Kg1 Qc2
41. Ba5 Qa4 42. Qxa4 Bxa4 43. Nc4 Bc6 44. Nd6 Rf8 45. Ra1 Rb3 46. Be1 Ra8 47.
Nc4 Rab8 48. Nd2 Rd3 49. Rxa6 Bb5 50. Rd6 Rxd4 51. Nb3 Ra4 52. Bxd5 exd5 53.
Rb6 Rxb6 54. cxb6 Ra6 55. Ba5 Bc6 56. Kf1 Kf8 57. Ke2 d4 58. f3 Bd5 59. Kd3 Ra8
60. Bb4+ Ke8 61. Na5 Ra6 62. Kxd4 Rxb6 63. Kc5 Rb8 64. Bc3 Rc8+ 65. Kxd5 Rxc3
66. Nc4 Ke7 67. h4 Kf6 68. Ne3 Rb3 69. Nc4 Kf5 70. Nd6+ Kf4 71. Nxf7 Rb2 72.
Ke6 Rxg2 73. Nh8 Kxf3 74. Kf7 g5 75. Ng6 Ke3 76. hxg5 Rf2+ 0-1

[Event "2BLN 1718 SV Glückauf Rüdersdorf - FC"]
[Site "?"]
[Date "2017.11.12"]
[Round "3.2"]
[White "Kanarek, Marcel"]
[Black "Socko, Monika"]
[Result "0-1"]
[WhiteElo "2518"]
[BlackElo "2479"]
[PlyCount "128"]
[EventDate "2017.??.??"]

1. e4 c6 2. d4 d5 3. Nc3 dxe4 4. Nxe4 Bf5 5. Ng3 Bg6 6. h4 h6 7. Nf3 e6 8. Ne5
Bh7 9. Bd3 Bxd3 10. Qxd3 Nd7 11. f4 Nxe5 12. fxe5 Be7 13. Nh5 Bf8 14. Bd2 Qd7
15. O-O-O O-O-O 16. Be3 Ne7 17. g4 Ng6 18. Ng3 Be7 19. h5 Nf8 20. Ne4 Nh7 21.
Bf4 Ng5 22. Nd6+ Bxd6 23. exd6 f6 24. c4 Nf7 25. c5 e5 26. dxe5 fxe5 27. Be3
Qxg4 28. Rdg1 Qe6 29. Rxg7 Qxa2 30. Qf5+ Rd7 31. Rf1 Qc4+ 32. Kb1 e4 33. Bd2
Rf8 34. Re1 Re8 35. Bc3 Qd5 36. Qxd5 cxd5 37. Rg6 Ng5 38. Rd1 e3 39. Rf6 Ne4
40. Rxh6 e2 41. Re1 d4 42. Bxd4 Nd2+ 43. Kc2 Nf3 44. Bc3 Nxe1+ 45. Bxe1 Rf7 46.
b4 Kd7 47. Rg6 Re5 48. h6 a5 49. bxa5 Rxc5+ 50. Kd3 Re5 51. Rg7 Rxg7 52. hxg7
Rg5 53. a6 bxa6 54. Kxe2 Rxg7 55. Kd3 Kxd6 56. Kc4 Rb7 57. Bc3 Kc6 58. Kd3 Kc5
59. Kc2 Kc4 60. Bb2 a5 61. Ba3 a4 62. Bd6 Rb3 63. Be5 Re3 64. Bf6 Re2+ 0-1